000 00302nam a2200109Ia 4500
008 220204s9999 xx 000 0 und d
082 _a93/99(47+57)
_bCAR
100 _aCarr, E H
245 0 _aHistory of Soviet Russia: Socialism in one country 1924-26
260 _aLondon
_bMacmillan
_c1964
942 _cBK
999 _c31844
_d31844